LEADER 00937nam0-22002891i-450- 001 990006243210403321 005 19980601 035 $a000624321 035 $aFED01000624321 035 $a(Aleph)000624321FED01 035 $a000624321 100 $a19980601d1958----km-y0itay50------ba 105 $a--------00-yy 200 1 $aComparaison du niveau des tarifs douaniers des pays du marche' commun$fR. Bertrand. 210 $aParis$cISEA$d1958 215 $a57 p.$d24 cm 225 1 $aCahiers de l'Institut de science économique appliquée$hSerie R$iEtudes et matériaux pour le Marché commun$v2 676 $a382.72 700 1$aBertrand,$bRaymond$0119812 801 0$aIT$bUNINA$gRICA$2UNIMARC 901 $aBK 912 $a990006243210403321 952 $aXV C 67 R (2)$b55354$fFGBC 959 $aFGBC 996 $aComparaison du niveau des tarifs douaniers des pays du marche' commun$9638822 997 $aUNINA DB $aGIU01 LEADER 03197nam 2200733Ia 450 001 9910785349203321 005 20200520144314.0 010 $a1-282-91205-4 010 $a9786612912054 010 $a3-11-024705-4 024 7 $a10.1515/9783110247053 035 $a(CKB)2670000000055912 035 $a(EBL)655994 035 $a(OCoLC)692196075 035 $a(SSID)ssj0000416095 035 $a(PQKBManifestationID)11297124 035 $a(PQKBTitleCode)TC0000416095 035 $a(PQKBWorkID)10421508 035 $a(PQKB)11025406 035 $a(MiAaPQ)EBC655994 035 $a(DE-B1597)113767 035 $a(OCoLC)844790830 035 $a(DE-B1597)9783110247053 035 $a(Au-PeEL)EBL655994 035 $a(CaPaEBR)ebr10430550 035 $a(CaONFJC)MIL291205 035 $a(PPN)175503761 035 $a(EXLCZ)992670000000055912 100 $a20100929d2010 uy 0 101 0 $aeng 135 $aur||||||||||| 181 $ctxt 182 $cc 183 $acr 200 10$aDocumentary Arabic private and business letters on papyrus$b[electronic resource] $eform and function, content and context /$fby Eva Mira Grob 210 $aNew York, NY ;$aBerlin $cDe Gruyter$d2010 215 $a1 online resource (291 p.) 225 0 $aArchiv für Papyrusforschung und verwandte Gebiete - Beihefte ;$v29 300 $aDescription based upon print version of record. 311 $a3-11-024704-6 320 $aIncludes bibliographical references and index. 327 $t Frontmatter -- $tContents -- $tAcknowledgements -- $tIntroduction -- $tAbbreviations -- $t1. Numbers, materials, and distribution over time -- $t2. Formulary -- $t3. Pragmatics -- $t4. Language -- $t5. Script and layout -- $t6. Summary -- $t Backmatter 330 $aArabic letters on papyrus challenge the modern reader. There are few to no diacritical dots to distinguish homographs, no systematic spacing between single words, and in the majority of cases a low degree of graphical structuring. However, contemporary readers usually read and understood these documents easily - probably because the recipient of a letter knew what to expect. The letters are formulaic, and their information packaging follows an algorithm typical for their time and content. Here formulaic letter writing means not only the reuse of the same formulae or topoi but expressing though 410 0$aArchiv fu?r Papyrusforschung und verwandte Gebiete - Beihefte 606 $aArabic letters$xHistory and criticism 606 $aLetter writing, Arabic$xHistory 606 $aManuscripts, Arabic (Papyri) 610 $aArabic letters. 610 $aArabisation. 610 $aEpistolography. 610 $aIslamisation. 615 0$aArabic letters$xHistory and criticism. 615 0$aLetter writing, Arabic$xHistory. 615 0$aManuscripts, Arabic (Papyri) 676 $a892.7/6009 686 $aNM 3500$2rvk 700 $aGrob$b Eva Mira$01516783 801 0$bMiAaPQ 801 1$bMiAaPQ 801 2$bMiAaPQ 906 $aBOOK 912 $a9910785349203321 996 $aDocumentary Arabic private and business letters on papyrus$93753468 997 $aUNINA LEADER 01429nam0 22002891i 450 001 UON00022593 005 20250303040833.760 100 $a20020107d1967 |0itac50 ba 101 $aita 102 $aIT 105 $a|||| ||||| 200 1 $aArte islamica a Napoli$eopere delle raccolte pubbliche napoletane$fcatalogo di Umberto Scerrato 210 $aNapoli$cSoprintendeza alle Gallerie della Campania ; Istituto Universitario Orientale$d1967 215 $ax, 207 p.$cill.$d21 cm 300 $aSede della mostra: Museo di Capodimonte, 17 marzo - 17 maggio 1967. 606 $aARTE ISLAMICA$xESPOSIZIONI E MOSTRE$xEUROPA$3UONC000425$2FI 620 $aIT$dNapoli$3UONL000012 686 $aARA IX L$cPAESI ARABI - ARTI - ESPOSIZIONI$2A 702 1$aScerrato$bUmberto$3UONV007424 712 $aR. Istituto Orientale in Napoli$3UONV265274$4650 712 $aSoprintedenza alle Gallerie della Campania$3UONV251057$4650 801 $aIT$bSOL$c20260313$gRICA 912 $aUON00022593 950 $aSIBA - SISTEMA BIBLIOTECARIO DI ATENEO E ARCHIVIO STORICO$dSI ARA IX L 016 $eSI ARC1319 5 016 950 $aSIBA - SISTEMA BIBLIOTECARIO DI ATENEO E ARCHIVIO STORICO$dSI ARA IX L 016 BIS $eSI SA 47267 7 016 BIS 996 $aArte islamica a Napoli$9771011 997 $aUNIOR